Campeões da UEFA Champions League - Statistics

Estatísticas Gerais
  • Esse quiz foi jogado 233 vezes
  • A pontuação média é 56 de 68
Estatísticas das Respostas
Edição País Time campeão % Correto
2021–22 Espanha Real Madrid
99%
2017–18 Espanha Real Madrid
99%
2016–17 Espanha Real Madrid
99%
2015–16 Espanha Real Madrid
99%
2013–14 Espanha Real Madrid
99%
2001–02 Espanha Real Madrid
99%
1999–00 Espanha Real Madrid
99%
1997–98 Espanha Real Madrid
99%
1965–66 Espanha Real Madrid
99%
1959–60 Espanha Real Madrid
99%
1958–59 Espanha Real Madrid
99%
1957–58 Espanha Real Madrid
99%
1956–57 Espanha Real Madrid
99%
1955–56 Espanha Real Madrid
99%
2014–15 Espanha Barcelona
97%
2010–11 Espanha Barcelona
97%
2008–09 Espanha Barcelona
97%
2005–06 Espanha Barcelona
97%
1991–92 Espanha Barcelona
97%
2022–23 Inglaterra Manchester City
97%
2018–19 Inglaterra Liverpool
92%
2004–05 Inglaterra Liverpool
92%
1983–84 Inglaterra Liverpool
92%
1980–81 Inglaterra Liverpool
92%
1977–78 Inglaterra Liverpool
92%
1976–77 Inglaterra Liverpool
92%
2006–07 Itália Milan
92%
2002–03 Itália Milan
92%
1993–94 Itália Milan
92%
1989–90 Itália Milan
92%
1988–89 Itália Milan
92%
1968–69 Itália Milan
92%
1962–63 Itália Milan
92%
2007–08 Inglaterra Manchester United
91%
1998–99 Inglaterra Manchester United
91%
1967–68 Inglaterra Manchester United
91%
2009–10 Itália Internazionale
89%
1964–65 Itália Internazionale
89%
1963–64 Itália Internazionale
89%
2003–04 Portugal Porto
86%
1986–87 Portugal Porto
86%
2020–21 Inglaterra Chelsea
85%
2011–12 Inglaterra Chelsea
85%
1994–95 Países Baixos Ajax
81%
1972–73 Países Baixos Ajax
81%
1971–72 Países Baixos Ajax
81%
1970–71 Países Baixos Ajax
81%
1995–96 Itália Juventus
78%
1984–85 Itália Juventus
78%
2019–20 Alemanha Bayern de Munique
76%
2012–13 Alemanha Bayern de Munique
76%
2000–01 Alemanha Bayern de Munique
76%
1975–76 Alemanha Ocidental Bayern de Munique
76%
1974–75 Alemanha Ocidental Bayern de Munique
76%
1973–74 Alemanha Ocidental Bayern de Munique
76%
1961–62 Portugal Benfica
70%
1960–61 Portugal Benfica
70%
1996–97 Alemanha Borussia Dortmund
65%
1987–88 Países Baixos PSV Eindhoven
58%
1990–91 Iugoslávia Estrela Vermelha
56%
1981–82 Inglaterra Aston Villa
47%
1979–80 Inglaterra Nottingham Forest
45%
1978–79 Inglaterra Nottingham Forest
45%
1966–67 Escócia Celtic
43%
1969–70 Países Baixos Feyenoord
38%
1982–83 Alemanha Ocidental Hamburgo
37%
1992–93 França Olympique de Marseille
31%
1985–86 Roménia Steaua București
20%
Nenhum quiz correspondente encontrado
Distribuição das Pontuações
Porcentagem de Pessoas com Cada Pontuação
Percentil de Números Respondidos
Sua Pontuação Histórica
Você não jogou esse quiz